000 00223nam a22000857a 4500
999 _c11068
_d11068
008 180821b ||||| |||| 00| 0 eng d
100 _aHope Anthony
_96847
245 _aThe Prisoner of Zenda
260 _aNew Delhi
_bCampfire
_c2016